<?xml version="1.0" encoding="UTF-8"?>
<collection xmlns="http://www.loc.gov/MARC21/slim">
 <record>
  <leader>01003naa a22002658  4500</leader>
  <controlfield tag="001">1906644756</controlfield>
  <controlfield tag="003">DE-627</controlfield>
  <controlfield tag="005">20241023124941.0</controlfield>
  <controlfield tag="007">cr uuu---uuuuu</controlfield>
  <controlfield tag="008">241023s2022    xx |||||o     00| ||pol c</controlfield>
  <datafield tag="035" ind1=" " ind2=" ">
   <subfield code="a">(DE-627)1906644756</subfield>
  </datafield>
  <datafield tag="035" ind1=" " ind2=" ">
   <subfield code="a">(DE-599)KXP1906644756</subfield>
  </datafield>
  <datafield tag="040" ind1=" " ind2=" ">
   <subfield code="a">DE-627</subfield>
   <subfield code="b">ger</subfield>
   <subfield code="c">DE-627</subfield>
   <subfield code="e">rda</subfield>
  </datafield>
  <datafield tag="041" ind1=" " ind2=" ">
   <subfield code="a">pol</subfield>
  </datafield>
  <datafield tag="084" ind1=" " ind2=" ">
   <subfield code="a">KUNST</subfield>
   <subfield code="q">DE-16</subfield>
   <subfield code="2">fid</subfield>
  </datafield>
  <datafield tag="100" ind1="1" ind2=" ">
   <subfield code="a">Caraffa, Constanza</subfield>
   <subfield code="e">VerfasserIn</subfield>
   <subfield code="4">aut</subfield>
  </datafield>
  <datafield tag="245" ind1="1" ind2="0">
   <subfield code="a">Od &quot;Bibliotek fotograficznych&quot; do &quot;fototek&quot;</subfield>
   <subfield code="b">O epistemolocznym potencjale historyczno-artystcznych kolekcji fotografii</subfield>
  </datafield>
  <datafield tag="264" ind1=" " ind2="1">
   <subfield code="c"> 2022</subfield>
  </datafield>
  <datafield tag="336" ind1=" " ind2=" ">
   <subfield code="a">Text</subfield>
   <subfield code="b">txt</subfield>
   <subfield code="2">rdacontent</subfield>
  </datafield>
  <datafield tag="337" ind1=" " ind2=" ">
   <subfield code="a">Computermedien</subfield>
   <subfield code="b">c</subfield>
   <subfield code="2">rdamedia</subfield>
  </datafield>
  <datafield tag="338" ind1=" " ind2=" ">
   <subfield code="a">Online-Ressource</subfield>
   <subfield code="b">cr</subfield>
   <subfield code="2">rdacarrier</subfield>
  </datafield>
  <datafield tag="773" ind1="0" ind2="8">
   <subfield code="i">Enthalten in</subfield>
   <subfield code="t">Artium quaestiones</subfield>
   <subfield code="d">Poznań : [Verlag nicht ermittelbar], 1979</subfield>
   <subfield code="g">33(2022), Seite 183-238</subfield>
   <subfield code="h">Online-Ressource</subfield>
   <subfield code="w">(DE-627)832782297</subfield>
   <subfield code="w">(DE-600)2829601-1</subfield>
   <subfield code="w">(DE-576)442662149</subfield>
   <subfield code="7">nnns</subfield>
  </datafield>
  <datafield tag="773" ind1="1" ind2="8">
   <subfield code="g">volume:33</subfield>
   <subfield code="g">year:2022</subfield>
   <subfield code="g">pages:183-238</subfield>
  </datafield>
  <datafield tag="951" ind1=" " ind2=" ">
   <subfield code="a">AR</subfield>
  </datafield>
  <datafield tag="999" ind1=" " ind2=" ">
   <subfield code="a">KXP-PPN1906644756</subfield>
   <subfield code="e">4601631092</subfield>
  </datafield>
 </record>
</collection>
